Učebnice dBASE IV /

Enregistré dans:
Détails bibliographiques
Auteur principal: Široký, Petr (Auteur)
Format: Livre
Langue:tchèque
Publié: Praha : PLUS, 1991
Tags: Ajouter un tag
Pas de tags, Soyez le premier à ajouter un tag!

MARC

LEADER 00000nam a22000003a 4500
001 stu26687
005 20150617225740.2
008 920528s1991----cs------------------cze-d
020 |a 80-85297-08-6 
040 |a STU  |b slo 
041 0 |a cze 
044 |a cs 
080 |a 519.687 
100 1 |a Široký, Petr  |4 aut 
245 1 |a Učebnice dBASE IV /  |c [aut]Široký,Petr 
260 |a Praha :  |b PLUS,  |c 1991 
300 |a 341 s  |c disketa 
996 |b 284V028165  |c V*40706/O-17193  |l VVT  |s A  |a 24  |w stu26687_0001 
996 |b 284V001343  |c V*40707/O-17193a  |l VVT  |s A  |a 24  |w stu26687_0002